Kinh nghiệm từ những tập đoàn hàng đầu thế giới /

Gardado en:
Detalles Bibliográficos
Autor Principal: Không rõ
Formato: Libro
Idioma:Vietnamese
Publicado: Phương Đông 2006
Các nhãn: Engadir etiqueta
Sen Etiquetas, Sexa o primeiro en etiquetar este rexistro!
Thư viện lưu trữ: Mạng thư viện Đại học Đà Nẵng
LEADER 00683nam a2200265 4500
001 000027611
003 KI-NU
005 20150403120000.0
008 150403s vm 000 vie
020 |c 0,0000 
040 |a notts 
100 |a Không rõ 
245 |a Kinh nghiệm từ những tập đoàn hàng đầu thế giới /  |c Nguyễn Đình Nhơn sưu tầm và biên soạn. 
260 |b Phương Đông  |c 2006 
OWN |a LTT 
999 |a From the UDN01 
TYP |a Monograph 
TYP |a Printed language 
980 |a Mạng thư viện Đại học Đà Nẵng